000 00849nas a2200265 4500
001 BR0808523
003 BR-BrBNA
005 20231205112846.0
007 ta
008 230509b bl.|||p| |||| 00| 00por d
040 _aBR-BrBNA
_bpor
_cBiblioteca Nacional de Agricultura
041 _a(Pt)
072 _aF02; F01
100 1 _aSchafer, G.
100 1 _aSouza, P.V.D. de
100 1 _aMaciel, H.S.
100 1 _aFochesato, M.L.
245 1 _aAproveitamento de plântulas de porta-enxerto cítrico oriundas do desbate e seu desenvolvimento vegetativo inicial
650 _aPROPAGAÇÃO VEGETATIVA
650 _aLIMOEIRO TRIFOLIADO
650 _aCULTIVO PROTEGIDO
773 0 _tCiência Rural (Brazil)
_xISSN 0103-8478
_g(Sep 2008), v. 38(6) p. 1558-1563
_wBR0808523
909 _a202311
_bLúcia
_c55
_dLúcia Elande
942 _2AGRIS
_n0
_cANA
999 _c200426
_d200426